Library of the University of Algiers 3
Ibrahim Sultan Cheibout
شعار جامعة الجزائر 3
مكتبة جامعة الجزائر 3
إبراهيم سلطان شيبوط

الطعن بالنقض في المواد المدنية والتجارية / (رقم التسجيلة. 45722)

تفاصيل مارك
000 -LEADER
fixed length control field 01787nam a2200253Ia 4500
003 - CONTROL NUMBER IDENTIFIER
control field Ost
005 - DATE AND TIME OF LATEST TRANSACTION
control field 20260507075657.0
008 - FIXED-LENGTH DATA ELEMENTS--GENERAL INFORMATION
fixed length control field 260507s9999||||xx |||||||||||||| ||und||
040 ## - CATALOGING SOURCE
Transcribing agency fsecg
041 ## - LANGUAGE CODE
Language code of text/sound track or separate title ara
082 ## - DEWEY DECIMAL CLASSIFICATION NUMBER
Classification number 347.62013
100 ## - MAIN ENTRY--PERSONAL NAME
Personal name طلبة، أنور
Relator term مؤلف
245 #0 - TITLE STATEMENT
Title الطعن بالنقض في المواد المدنية والتجارية /
Statement of responsibility, etc. أنور طلبة
260 ## - PUBLICATION, DISTRIBUTION, ETC.
Place of publication, distribution, etc. الاسكندرية:
Name of publisher, distributor, etc. المكتب الجامعي الحديث,
Date of publication, distribution, etc. 2004
300 ## - PHYSICAL DESCRIPTION
Extent 1067 صفحة؛
Other physical details إيضاحات ؛
Dimensions 24 سم
490 ## - SERIES STATEMENT
Series statement الكتب القانونية
504 ## - BIBLIOGRAPHY, ETC. NOTE
Bibliography, etc. note المراجع ص. 1076
520 ## - SUMMARY, ETC.
Summary, etc. شكل الطعن: جواز الطعن بالنقض، قبول الطعن، نحضير الطعن: قيد الطعن واعلانه، مذكرات الخصوم ومستنداتهم، الادخال والتدخل في الطعن، مذكرة نيابة الطعن، الحكم في الطعن: اخطار الخصوم بالجلسة، نظر الطعن والحكم فيه، النفض الكلي والجزئي للحكم المطعون فيه، عدم جواز الطعن في أحكام النقض، المستحدث من المبادئ القانونية التي قررتها محكمة النقض: رفع الطعن بالنقض، ميعاد الطعن بالنقض، الخصوم في الطعن بالنقض، أسباب الطعن بالنقض، جواز الطعن بالنقض، الحكم في الطعن بالنقض، الاختصاص الموضوعي لمحكمة النقض، النقض والاحالة.
653 ## - INDEX TERM--UNCONTROLLED
Uncontrolled term الطعن في الأحكام- مصر
653 ## - INDEX TERM--UNCONTROLLED
Uncontrolled term القانون التجاري- مصر
653 ## - INDEX TERM--UNCONTROLLED
Uncontrolled term القانون المدني- مصر
653 ## - INDEX TERM--UNCONTROLLED
Uncontrolled term نقض الأحكام- مصر
942 ## - ADDED ENTRY ELEMENTS (KOHA)
Koha item type كتب

لا توجد مواد متاحة.

موارد الويب المفتوحة


© University of Algiers 3 All Rights Reserved
|
Implemented by LECHELAH Riad